|
|
|
|
| LEADER |
00000ny a22000003n 4500 |
| 005 |
20110628142310.0 |
| 006 |
m u |
| 007 |
cr cn||||||||| |
| 008 |
200806r20072008sp |||||s|||||||||||spa d |
| 020 |
|
|
|a 9788498491005
|
| 035 |
|
|
|a 2307
|
| 040 |
|
|
|a FlNmELB
|c FlNmELB
|d vLex
|
| 050 |
1 |
4 |
|a K5015.4
|b A494 2007eb
|
| 080 |
|
|
|a 343.2
|
| 090 |
|
|
|c 1185
|d 1185
|
| 100 |
1 |
|
|a Ambos, Kai
|
| 245 |
1 |
3 |
|a El derecho penal frente a amenazas extremas
|h [Recurso electrn̤ico]
|c Kai Ambos
|
| 256 |
|
|
|a Servicio en ln̕ea
|
| 260 |
|
|
|a Madrid :
|b Dykinson,
|c 2007
|
| 300 |
|
|
|a 7-145 p
|
| 506 |
1 |
|
|a Contenido solo disponible en los productos indicados
|d vLex Global
|d vLex Global (Academic Edition, excluding Law Schools)
|d vLex Global (U.S. Academic Edition, Law Schools)
|d vLex Global (U.S. Academic Edition, excluding Law Schools)
|d vLex Global (Academic Edition, Law Schools)
|
| 740 |
0 |
|
|a vLex Libros (Servicios en ln̕ea)
|
| 856 |
4 |
0 |
|z Acceso restringido
|u http://vlex.com/source/derecho-penal-frente-amenazas-extremas-2307
|
| 942 |
|
|
|c BOOK
|